000 01121nam a2200337 a 4500
001 000018500
003 DO-SdBNP
005 20171023082416.0
007 000018500
008 100511s2010 dr 000 0 spa d
020 _a9789945163377
040 _aBPMSU
_bspa
_cBPMSU
082 4 _a158.1
_bS715p, 2010
100 1 _aSosa, José Rafael
245 1 0 _aPara levantar el vuelo :
_b¡vivir es tan simple! /
_cJosé Rafael Sosa ; edición al cuidado Claudio Pérez ; corrección Yackeline Díaz López, Kirsis Melo ; prólogo Altagracia Salazar.
250 _a2a ed.
260 _aSanto Domingo :
_bBho,
_c2010.
300 _axxi, 125 p. ;
_c22 cm.
650 4 _aREFLEXIONES (FILOSOFÍA)
650 4 _aVIDA CRISTIANA
650 4 _aAUTORREALIZACIÓN (PSICOLOGÍA)
650 4 _aTÉCNICAS DE AUTOAYUDA
700 1 _aPérez, Claudio,
_eed.
700 1 _aDíaz López, Yackeline
700 1 _aMelo, Kirsis
700 1 _aSalazar, Altagracia,
_epról.
910 _aValidado. Control de calidad BNPHU
942 _2ddc
_cBK
945 _aInventariado / 2017 VM
956 _aVMATEO
_b10
_cBPMSU
_l20150722
_h00151
999 _c7990
_d7990